Loading...
| Science - Physics | 0 | 8 | 0 | 1 | 80 | 31 | 60.00 | 1 | 3 | 0.00 | 0.00 |
| Science - Chemistry | 0 | 5 | 0 | 0 | 50 | 37 | 54.60 | 1 | 3 | 0.00 | 0.00 |
| Science - Biology | 0 | 5 | 0 | 0 | 50 | 26 | 55.00 | 0 | 3 | 0.00 | 0.00 |
| Literature - British | 0 | 4 | 0 | 1 | 40 | 60 | 91.50 | 0 | 0 | 0.00 | 0.00 |
| Science - Other | 0 | 4 | 0 | 1 | 40 | 72 | 89.00 | 0 | 1 | 0.00 | 0.00 |
| Fine Arts - Classical Music | 0 | 3 | 0 | 1 | 30 | 92 | 108.67 | 0 | 1 | 0.00 | 0.00 |
| Literature - World | 0 | 4 | 2 | 0 | 30 | 61 | 93.75 | 0 | 1 | 0.00 | 0.00 |
| Literature - European | 0 | 3 | 1 | 0 | 25 | 92 | 100.67 | 0 | 0 | 0.00 | 0.00 |
| Philosophy | 0 | 3 | 1 | 1 | 25 | 79 | 94.33 | 0 | 0 | 0.00 | 0.00 |
| History - Other | 0 | 2 | 0 | 0 | 20 | 66 | 70.00 | 0 | 0 | 0.00 | 0.00 |
| Literature - American | 0 | 2 | 1 | 0 | 15 | 127 | 127.50 | 0 | 1 | 0.00 | 0.00 |
| History - European | 0 | 1 | 0 | 0 | 10 | 37 | 37.00 | 0 | 1 | 0.00 | 0.00 |
| Geography | 0 | 1 | 0 | 0 | 10 | 27 | 27.00 | 0 | 1 | 0.00 | 0.00 |
| Social Science | 0 | 1 | 0 | 0 | 10 | 41 | 41.00 | 0 | 1 | 0.00 | 0.00 |
| Mythology | 0 | 1 | 0 | 0 | 10 | 101 | 101.00 | 0 | 0 | 0.00 | 0.00 |
| Popular Culture | 0 | 1 | 0 | 0 | 10 | 98 | 98.00 | 0 | 0 | 0.00 | 0.00 |
| Fine Arts - Other | 0 | 1 | 1 | 1 | 5 | 114 | 114.00 | 0 | 0 | 0.00 | 0.00 |
| Religion | 0 | 0 | 1 | 0 | -5 | 0.00 | 0 | 0 | 0.00 | 0.00 | |
| History - World | 0 | 0 | 1 | 0 | -5 | 0.00 | 0 | 0 | 0.00 | 0.00 |